000 00479cam a22001337a 4500
008 180718b2001 xxu||||| |||| 00| 0 eng d
082 _aAPPPA 2000-01 DIL/13
100 _aDilip Singh
245 _aPotential of Khadi in generating mass scale sustainable employment with equity and environmental stability
_cby Dilip Singh
260 _aNew Delhi
_bIndian Institute of Public Administration
_c2001
300 _a79p.
650 _aManpower policy - India
650 _aKhadi - India
999 _c490919
_d490919